=LDR 00000nam 2200000 4500 =001 INLIS000000000010502 =005 20260110094328 =035 ##$$a 0010-061300000010502 =008 260110################g##########0#ind## =041 ##$$a Ind =082 ##$$a R. 636.089 3 =090 ##$$a 636.089 3, Glo g =245 ##$$a Glosarium kedokteran hewan /$c Penyunting ; Emir A. Siregar, Sri Sukesi Adiwimarta, Isti Nureni =250 ##$$a Seri Glosarium GL 12 =260 ##$$a Jakarta :$b Yayasan Obor Indonesia,$c 2003 =300 ##$$a vii, 139 hlm. ; $c 21 x 15 Cm. =650 #4$$a Kedokteran Hewan - Istilah-istilah =700 #$$a SIREGAR, Amir A =850 ##$$a NBPNMAT =020 ##$$a 979-461-431-9 =084 ##$$a R. 636.089 3 GLO =990 ##$$a 20272027 =990 ##$$a 20272027 =990 ##$$a 20272027 =990 ##$$a 20272027 =990 ##$$a 20602168 =990 ##$$a 1200603550 =990 ##$$a 1200603551 =990 ##$$a 1200603552 =990 ##$$a 20616489 =990 ##$$a 1200603550 =990 ##$$a 1200603551 =990 ##$$a 20602168 =990 ##$$a 20616491 =990 ##$$a 1200603550 =990 ##$$a 20616489 =990 ##$$a 20602168 =990 ##$$a 20602167 =990 ##$$a 20616491 =990 ##$$a 20616489 =990 ##$$a 20602168